000 00771nam a2200253 i 4500
003 DO-SdBNP
005 20260321073646.0
007 ta
008 250721b1978 dr ||||| |||| 00| 0 spa d
040 _aDO-SdBNP
_bspa
_cBNPHU
_erda
041 _aspa
082 4 _a305.57293
_bB742co 1978
_2xxx
100 1 _a Bosch, Juan,
_d1909-2001
_eautor
_4aut.
_976555
245 1 0 _aComposición social dominicana :
_bhistoria e interpretación /
_cJuan Bosch
250 _aNovena edición
264 1 _aSanto Domingo :
_bAlfa y Omega,
_c1978.
300 _a272 páginas ;
_c21 cm.
336 _atexto
_btxt
_2rdacontent
337 _asin mediación
_bn
_2rdamedia
338 _avolumen
_bnc
_2rdacarrier
590 _aInventariado, 2025/BT
910 _aBtavárez
942 _2ddc
_cLBS1
999 _c59588
_d59588